Historia del siglo XX (Registro nro. 32538)
[ vista simple ]
| 000 -ENCABEZADO | |
|---|---|
| Número de control [NR] | 01176nam a2200289Ia 4500 |
| 005 - FECHA Y HORA DE LA ÚLTIMA TRANSACCIÓN | |
| control field | 20211105120346.0 |
| 008 - DE LONGITUD FIJA DE DATOS DE ELEMENTOS - INFORMACIÓN GENERAL | |
| Elementos de longitud fija [NR] | 130821s2011 sp ao gr spa |
| 020 ## - NUMERO INTERNACIONAL NORMALIZADO PARA LIBROS [R] | |
| Número Internacional Normalizado del libro [NR] | 9788498921908 (2011) |
| 020 ## - NUMERO INTERNACIONAL NORMALIZADO PARA LIBROS [R] | |
| Número Internacional Normalizado del libro [NR] | 8484320421(12a.Ed.) |
| 020 ## - NUMERO INTERNACIONAL NORMALIZADO PARA LIBROS [R] | |
| Número Internacional Normalizado del libro [NR] | 8484320421 (2a.Ed.) |
| 040 ## - FUENTE DE CATALOGACION [NR] | |
| Agencia de catalogación original [NR] | CO-BoUCM |
| Idioma de catalogación [NR] | spa |
| Quien Cataloga | Jose A. Gerena (modificó) |
| Quien Clasifica | [Nuevo] |
| 041 00 - CODIGO DE IDIOMA [R] | |
| Código de idioma para texto/pista de sonido o título separado [R] | Español |
| 100 1# - ASIENTO PRINCIPAL--NOMBRE PERSONAL [NR] | |
| Nombre personal [NR] | Hobsbawm, Eric John Ernest |
| Fechas asociadas con el nombre [NR] | 1917- |
| ID Autoridad | 65384 |
| 245 10 - MENCION DE TITULO [NR] | |
| Título [NR] | Historia del siglo XX |
| Mención de responsabilidad, etc. [NR] | Eric Hobsbawm ; traducción castellana de Juan Faci, Jordi Ainaud y Carme Castells |
| Parte restante del título [NR] | 1914-1991 |
| 260 ## - PUBLICACION, DISTRIBUCION, ETC. (PIE DE IMPRENTA) [R] | |
| Lugar de publicación, distribución, etc. [R] | Barcelona (España) |
| Nombre del editor, distribuidor, etc. [R] | Crítica |
| Fecha de publicación, distribución, etc. [R] | 2011 |
| 300 ## - DESCRIPCION FISICA [R] | |
| Extensión [R] | 614 páginas |
| Otros detalles físicos [NR] | ilustraciones, fotografías |
| 504 ## - NOTA DE BIBLIOGRAFIA, ETC. [R] | |
| Nota de bibliografía, etc. [NR] | Incluye referencias bibliográficas e índices |
| 650 07 - ASIENTO SECUNDARIO DE MATERIA - TERMINO TEMATICO [R] | |
| Término temático o nombre geográfico como elemento de entrada [NR] | Economía internacional |
| Subdivisión general [R] | Historia |
| Subdivisión cronológica [R] | Siglo XX |
| 9 (RLIN) | 7543 |
| 650 07 - ASIENTO SECUNDARIO DE MATERIA - TERMINO TEMATICO [R] | |
| Término temático o nombre geográfico como elemento de entrada [NR] | Historia moderna |
| Subdivisión cronológica [R] | Siglo XX |
| 9 (RLIN) | 16943 |
| 650 07 - ASIENTO SECUNDARIO DE MATERIA - TERMINO TEMATICO [R] | |
| Término temático o nombre geográfico como elemento de entrada [NR] | Socialismo |
| Subdivisión general [R] | Historia |
| Subdivisión cronológica [R] | Siglo XX |
| 9 (RLIN) | 24700 |
| 690 ## - ASUNTO AGREGADO LOCAL DE ENTRADA - TÉRMINO TEMÁTICO (OCLC, RLIN) | |
| Acceso temático local | Historia universal |
| 9 (RLIN) | 16951 |
| 700 1# - ASIENTO SECUNDARIO - NOMBRE PERSONAL [R] | |
| Nombre personal [NR] | Ainaud, Jordi |
| Término de relación [R] | traductor |
| 9 (RLIN) | 65385 |
| 700 1# - ASIENTO SECUNDARIO - NOMBRE PERSONAL [R] | |
| Nombre personal [NR] | Castells, Carme |
| Término de relación [R] | traductor |
| 9 (RLIN) | 65386 |
| 765 1# - ASIENTO DE IDIOMA ORIGINAL [R] | |
| Título [NR] | Age of extremes, the short twentieth century 1914-1945 |
| 942 ## - ELEMENTOS DE ENTRADA AGREGADOS (KOHA) | |
| Tipo de ítem principal el descrito en 300a | Libro |
| Tema principal | Historia |
| Edición | 1 |
| Parte restante de la signatura top. | H684h |
| Sistema de clasificación | DEWEY |
| Clasificación | 909.82 |
| Fecha de último préstamo | Total préstamos | Total Renewals | Signatura topográfica | Código de barras | Última vez visto | Volúmen / Fascículo | Ejemplar | Price effective from | Tipo de ítem | Perdido | Sistema de clasificación | Dañado | No prestable | Tipo de ítem específico | Suprimido | Ubicación habitual | Ubicación actual | Localización | Fecha de creación | Forma de adquisición | Costo | Costo de reposición | Proveedor |
|---|---|---|---|---|---|---|---|---|---|---|---|---|---|---|---|---|---|---|---|---|---|---|---|
| 31/07/2018 | 96 | 8 | 909.82 H684h | 100058141 | 09/12/2025 | 2a. Ed. | Ej.1 | 03/02/2013 | Libro | DEWEY | Libro | Claustro | Claustro | 2do piso | 28/02/2003 | Compra | 84900.00 | ||||||
| 02/08/2018 | 54 | 909.82 H684h | 100038486 | 09/12/2025 | 2a. Ed. | Ej.2 | 03/02/2013 | Libro | DEWEY | Libro | Claustro | Claustro | 2do piso | 28/02/2007 | Compra | 47250.00 | |||||||
| 20/10/2021 | 61 | 6 | 909.82 H684h | 100106697 | 09/12/2025 | 12a.Ed. | Ej.4 | 03/02/2013 | Libro | DEWEY | Libro | Claustro | Claustro | 2do piso | 28/02/2010 | Compra | 93500.00 | ||||||
| 22/08/2018 | 6 | 909.82 H684h | 100104299 | 09/12/2025 | 12a. Ed. | Ej.1 | 03/02/2013 | Libro | DEWEY | Libro | Claustro | Claustro | 2do piso | 28/02/2010 | Compra | 109000.00 | |||||||
| 08/08/2018 | 22 | 11 | 909.82 H684h | 100106594 | 09/12/2025 | 12a. Ed. | Ej.2 | 03/02/2013 | Libro | DEWEY | Libro | Claustro | Claustro | 2do piso | 28/02/2010 | Compra | 92905.00 | ||||||
| 27/04/2021 | 42 | 22 | 909.82 H684h | 100106595 | 09/12/2025 | 12a.Ed. | Ej.3 | 03/02/2013 | Libro | DEWEY | Libro | Claustro | Claustro | 2do piso | 28/02/2010 | Compra | 92905.00 | ||||||
| 22/02/2025 | 24 | 28 | 909.82 H684h | 100143850 | 09/12/2025 | 2011 | Ej.2 | 17/10/2014 | Libro | DEWEY | Libro | Claustro | Claustro | 2do piso | 17/10/2014 | Compra | 90675.00 | 90675.00 | 19 | ||||
| 04/08/2018 | 2 | 909.82 H684h | 100143849 | 09/12/2025 | 2011 | Ej.1 | 17/10/2014 | Libro de reserva | DEWEY | Libro de reserva | Claustro | Claustro | 2do piso | 17/10/2014 | Compra | 90675.00 | 90675.00 | 19 | |||||
| 13/03/2025 | 11 | 11 | 909.82 H684h | 100145078 | 09/12/2025 | 2000 | Ej.1 | 17/02/2015 | Libro | DEWEY | Libro | Claustro | Claustro | 2do piso | 17/02/2015 | Compra | 67150.00 | 67150.00 | 10 | ||||
| 12/11/2024 | 11 | 16 | 909.82 H684h | 100145079 | 06/03/2026 | 2000 | Ej.2 | 17/02/2015 | Libro | DEWEY | Libro | Claustro | Claustro | 2do piso | 17/02/2015 | Compra | 67150.00 | 67150.00 | 10 |